General survey of England and Wales. An entirely new & accurate survey of the county of Kent, with part of the county of Essex (Record no. 114615)
[ view plain ]
| 000 -LEADER | |
|---|---|
| fixed length control field | 00888cem a22002055a 4500 |
| 001 - CONTROL NUMBER | |
| control field | L157125 |
| 008 - FIXED-LENGTH DATA ELEMENTS--GENERAL INFORMATION | |
| fixed length control field | 120904s1801 xxk f 000 0 eng d |
| 035 ## - SYSTEM CONTROL NUMBER | |
| System control number | (Sirsi) u157125 |
| 041 0# - LANGUAGE CODE | |
| Language code of text/sound track or separate title | eng |
| 110 2# - MAIN ENTRY--CORPORATE NAME | |
| Corporate name or jurisdiction name as entry element | Great Britain |
| Subordinate unit | Board of Ordnance |
| 9 (RLIN) | 6107 |
| 245 00 - TITLE STATEMENT | |
| Title | General survey of England and Wales. An entirely new & accurate survey of the county of Kent, with part of the county of Essex |
| Remainder of title | done by the surveying draftsmen of His Majesty's Honourable Board of Ordnance ... |
| Statement of responsibility, etc. | under the direction of Captn. W. Mudge |
| 260 ## - PUBLICATION, DISTRIBUTION, ETC. | |
| Place of publication, distribution, etc. | London |
| Name of publisher, distributor, etc. | W. Faden |
| Date of publication, distribution, etc. | 1801 |
| 300 ## - PHYSICAL DESCRIPTION | |
| Extent | 1 map on 4 sheets |
| Other physical details | dissected and mounted on to linen |
| Dimensions | 115 x 170 cm, folded to 23 x 16 cm, in slip case 25 cm. |
| 520 ## - SUMMARY, ETC. | |
| Summary, etc. | Scale [1:63,360]. |
| 583 ## - ACTION NOTE | |
| Action | Condition reviewed |
| Time/date of action | 20120620 |
| Status | condition level 3 |
| 651 #4 - SUBJECT ADDED ENTRY--GEOGRAPHIC NAME | |
| Geographic name | England |
| Chronological subdivision | 886- |
| 690 ## - LOCAL SUBJECT ADDED ENTRY--TOPICAL TERM (OCLC, RLIN) | |
| Topical term or geographic name as entry element | Geomatics |
| 9 (RLIN) | 6242 |
| 700 1# - ADDED ENTRY--PERSONAL NAME | |
| Personal name | Mudge, William |
| Dates associated with a name | 1762-1820 |
| 942 ## - ADDED ENTRY ELEMENTS (KOHA) | |
| Suppress in OPAC | 0 |
| Withdrawn status | Lost status | Source of classification or shelving scheme | Damaged status | Not for loan | Home library | Current library | Shelving location | Date acquired | Total Checkouts | Full call number | Barcode | Date last seen | Copy number | Price effective from | Koha item type |
|---|---|---|---|---|---|---|---|---|---|---|---|---|---|---|---|
| Dewey Decimal Classification | Historic collection | Historic collection | Historic collection | 04/09/2012 | MAP 1801 BOARD | 30077064 | 06/08/2019 | 1 | 06/08/2019 | Book |